George F. Hopkins correspondence, (Record no. 44461)

MARC details
000 -LEADER
fixed length control field 01346cpcaa2200325 a 4500
001 - CONTROL NUMBER
control field mm 98006389
003 - CONTROL NUMBER IDENTIFIER
control field DLC
005 - DATE AND TIME OF LATEST TRANSACTION
control field 20260227111726.0
008 - FIXED-LENGTH DATA ELEMENTS--GENERAL INFORMATION
fixed length control field 980310|||||||||||| eng
010 ## - LIBRARY OF CONGRESS CONTROL NUMBER
LC control number mm 98006389
040 ## - CATALOGING SOURCE
Original cataloging agency DLC
Transcribing agency DLC
Modifying agency DLC
Description conventions dacs
072 #7 - SUBJECT CATEGORY CODE
Subject category code C
Source lcmd
100 1# - MAIN ENTRY--PERSONAL NAME
Personal name Hopkins, George F.
Fuller form of name (George Folliet),
Dates associated with a name 1769-1848.
245 00 - TITLE STATEMENT
Title George F. Hopkins correspondence,
Inclusive dates 1847.
300 ## - PHYSICAL DESCRIPTION
Extent 2
Type of unit items.
506 0# - RESTRICTIONS ON ACCESS NOTE
Terms governing access Open to research.
520 8# - SUMMARY, ETC.
Summary, etc. ALS (8 February 1847; New York) from Hopkins to John C. Hamilton concerning the reaction of his father, Alexander Hamilton, to the edition of the Federalist published by Hopkins in 1802. Includes a handwritten transcript of the letter.
530 ## - ADDITIONAL PHYSICAL FORM AVAILABLE NOTE
Additional physical form available note Handwritten transcript, in part.
545 0# - BIOGRAPHICAL OR HISTORICAL DATA
Biographical or historical data Author, printer, and publisher.
546 ## - LANGUAGE NOTE
Language note Collection material in English.
580 ## - LINKING ENTRY COMPLEXITY NOTE
Linking entry complexity note Forms part of: Miscellaneous Manuscripts collection.
600 10 - SUBJECT ADDED ENTRY--PERSONAL NAME
Personal name Hamilton, Alexander,
Dates associated with a name 1757-1804.
600 10 - SUBJECT ADDED ENTRY--PERSONAL NAME
Personal name Hamilton, John C.
Fuller form of name (John Church),
Dates associated with a name 1792-1882
Form subdivision Correspondence.
630 00 - SUBJECT ADDED ENTRY--UNIFORM TITLE
Uniform title Federalist.
656 #7 - INDEX TERM--OCCUPATION
Occupation Authors.
Source of term itoamc
656 #7 - INDEX TERM--OCCUPATION
Occupation Printers.
Source of term itoamc
656 #7 - INDEX TERM--OCCUPATION
Occupation Publishers.
Source of term itoamc

No items available.

Powered by Koha